000 00321nam a2200133Ia 4500
005 20251222155136.0
008 251222s9999||||xx |||||||||||||| ||spa||
082 _aNUT. 08/Ej.2
100 _aCAMERON M.
245 0 _aManual Alimentación de Infantes Niños
250 _a1ra. ed.
264 _bPax Mexico
942 _cLIB
999 _c38986
_d38986